| 000 | 00556nam a2200181Ia 4500 | ||
|---|---|---|---|
| 008 | 090630s9999 xx 000 0 und d | ||
| 082 | _b24521 | ||
| 100 | _aशेवते गणेश. | ||
| 245 |
_aकोल्ड कॉल. _cशेवते गणेश. |
||
| 260 | _bविद्यार्थी. | ||
| 300 | _a0 | ||
| 600 | _aशेवते गणेश. | ||
| 630 | _aकोल्ड कॉल. | ||
| 655 | _aकादंबरी. | ||
| 700 | _aशेवते गणेश. | ||
| 730 | _aकोल्ड कॉल. | ||
| 942 | _cBOOK | ||
| 999 |
_c276377 _d276377 |
||